| 000 | 00781cam a2200241 4500 | ||
|---|---|---|---|
| 008 | 000000n2000 000 0 eng u | ||
| 020 | _a1851124241 | ||
| 035 | _a(Sirsi) u108231 | ||
| 110 |
_aUnited Kingdom _bDepartment of the Environment, Transport and the Regions _93507 |
||
| 245 | _aCollecting, managing and using housing stock information : a good practice guide - Vol.2 key principles and methodological issues | ||
| 260 |
_aLondon _bDETR _c2000 |
||
| 300 | _a145p. ; 30cm. | ||
| 350 | _a20.00 | ||
| 520 | _aFor volume 1 see ISBN 181124233 | ||
| 650 | _aASSET MANAGEMENT | ||
| 650 | _aHOUSING STOCK | ||
| 650 | _aLOCAL AUTHORITY HOUSING | ||
| 650 | _aHOUSING SURVEYS | ||
| 650 | _aPUBLIC SECTOR HOUSING | ||
| 650 | _aDATA | ||
| 690 | _aHOUSING | ||
| 942 | _n0 | ||
| 999 |
_c100764 _d100764 |
||